00896nam a2200253 a 450000100060000000300080000600500170001400800410003103500190007203500120009104000390010304100080014208200260015010000150017624501880019126000290037930000350040850000200044350400300046365000440049365000460053765000420058370000170062576002BD-RjUL20211209082756.0191001s1947 enka b 001 0 eng d a(BD-RjUL)76221 a2498571 aD2035bengcD2035dNNCU:AdBD-RjUL aeng04223a658.562bRIQ 19471 aRissik, H.10aQuality control in production :ba machine-shop manual on the statistical method of controlling product quality during manufacture /cby H. Rissik ; with a foreword by Sir Frank Gill. aLondon :bPitman,c1947. axvii, 181 p. :bill. ;c22 cm. aIncludes index. aBibliography: p. 156-160. 0aProduction managementxQuality control. 0aManufacturing processesxQuality control. 0aQuality controlxStatistical methods. aGill, Frank